Normal view
MARC view
- Merle C. Potter, David C. Wiggert, Bassem H. Ramadan
Entry Personal Name
001 - CONTROL NUMBER
- control field: 30640
003 - CONTROL NUMBER IDENTIFIER
- control field: NUST
005 - DATE AND TIME OF LATEST TRANSACTION
- control field: 20200923103806.0
008 - FIXED-LENGTH DATA ELEMENTS
- fixed length control field: 200923|| aca||aabn | a|a d
040 ## - CATALOGING SOURCE
- Original cataloging agency: NUST
- Transcribing agency: NUST
100 ## - HEADING--PERSONAL NAME
- Personal name: Merle C. Potter, David C. Wiggert, Bassem H. Ramadan
670 ## - SOURCE DATA FOUND
- Source citation: Work cat.: (NUST): Merle C. Potter, David C. Wiggert, Bassem H. Ramadan, Instructor's Solutions Manual to Accompany Mechanics of Fluids
